| 000 | 00521nam a2200205Ia 4500 | ||
|---|---|---|---|
| 001 | 7440 | ||
| 003 | GE_BSU | ||
| 008 | 181216s||||||||xx |||||||||||||| ||und|| | ||
| 040 | _cGE_BSU | ||
| 080 | _a624.04(075.8) | ||
| 245 | _aСтроительная механика. | ||
| 245 | _cРед.Ю.Ф.Бочарова. | ||
| 260 | _aМ. | ||
| 260 | _bВысш. школа. | ||
| 260 | _c1966. | ||
| 300 | _a327стр.22см. | ||
| 300 | _eтабл. | ||
| 653 | _aСтроительная механика. | ||
| 942 | _cBK | ||
| 999 |
_c40800 _d40800 |
||